00442nam a2200193Ia 4500003000900000008004100009040001300050040001300063041000800076100002000084245005800104250001200162260001100174260000900185300001100194300001200205490002500217490000600242IT-RoPAU120407s9999 xx 000 0 und d aIT-RoPAU cIT-RoPAU aita aClaudio Toscani aCome leggere i Promessi Sposi di Alessandro Manzoni.  aMilano  aMursia c1984 a168 p. c17,1 cm a(Come leggere, 18). v1